000 01000nam a2200253Ia 4500
003 OSt
005 20250411110457.0
008 191128t1996 ck er 000 f spa d
020 _a0062514628
040 _aCO-JMCR
_cCO-JMCR
041 _aspa
082 0 4 _aA-N
_bCOEa
_223
100 1 _aCoelho, Paulo,
_d1947
_eautor
_96578
245 1 2 _aA orillas del río piedra me senté y lloré /
_cPaulo Coelho ; traducción de Alfonso Indecona
250 _aPrimera edición
260 _aBogotá :
_bHarper Collins,
_c©1996
300 _a202 páginas ;
_c23 cm.
520 _aTras once años, una mujer se reencuentra con su amado. La última vez que se vieron eran todavía adolescentes. Hoy, la vida los ha llevado por caminos muy distintos: ella vive en Zaragoza, prepara oposiciones y ha aprendido a dominar sus sentimientos.
650 1 4 _aNovela
_96588
650 2 4 _aPirineos
_912624
650 2 4 _aVida espiritual
_9899
700 1 _aIndecona, Alfonso,
_etraductor
_912625
942 _2ddc
_cBK
999 _c7045
_d7045